[Event "Stuttgart-chB int"]
[Site "Ditzingen"]
[Date "2018.05.12"]
[Round "6"]
[White "Jaeger, Hans Ulrich"]
[Black "Zimmermann, Tobias"]
[Result "1/2-1/2"]
[WhiteElo "1800"]
[BlackElo "1797"]
[PlyCount "84"]
[EventDate "2018.05.10"]
[EventType "swiss"]
[EventRounds "7"]
[EventCountry "GER"]
[SourceTitle "EXT 2020"]
[Source "ChessBase"]
[SourceDate "2019.10.17"]
[SourceVersion "1"]
[SourceVersionDate "2019.10.17"]
[SourceQuality "1"]

1. e4 c5 2. Nf3 d6 3. c3 Nf6 4. Be2 Nc6 5. d4 e6 6. d5 exd5 7. exd5 Ne7 8. c4 Ng6 9. Nc3 Be7 10. h3 0-0 11. Be3 a6 12. a4 Nd7 13. Qd2 Bf6 14. Ne4 Qb6 15. Nxf6+ Nxf6 16. 0-0 Re8 17. Bd3 Ne4 18. Qc2 f5 19. Rfe1 Bd7 20. Ng5 Nxg5 21. Bxg5 h6 22. Be3 Rf8 23. b4 Ne5 24. f4 Nxd3 25. Qxd3 Qxb4 26. Reb1 Qa5 27. Rxb7 Qd8 28. Kh2 Rb8 29. Rxb8 Qxb8 30. Rb1 Qc7 31. Qb3 Bc8 32. Qb6 Rf7 33. Qxc7 Rxc7 34. Rb8 Kf7 35. Bd2 Bb7 36. Ba5 Rd7 37. Bd8 Kg6 38. Bh4 Kf7 39. g4 g6 40. Kg2 a5 41. Rd8 Rxd8 42. Bxd8 Ba6 1/2-1/2

[Event "Wuerttemberg-ch KT"]
[Site "Stuttgart"]
[Date "2016.09.02"]
[Round "7"]
[White "Toelg, Wolfgang"]
[Black "Zimmermann, Tobias"]
[Result "0-1"]
[WhiteElo "1597"]
[BlackElo "1820"]
[PlyCount "112"]
[EventDate "2016.08.27"]
[EventType "swiss"]
[EventRounds "9"]
[EventCountry "GER"]
[SourceTitle "EXT 2017"]
[Source "ChessBase"]
[SourceDate "2016.10.25"]
[SourceVersion "1"]
[SourceVersionDate "2016.10.25"]
[SourceQuality "1"]

1. e4 c5 2. Nf3 d6 3. d4 cxd4 4. Nxd4 Nf6 5. Nc3 a6 6. Bd3 e6 7. 0-0 Nbd7 8. Be3 Qc7 9. f3 b5 10. a3 Bb7 11. Qd2 Be7 12. Rac1 Ne5 13. b3 0-0 14. Be2 Rac8 15. Nb1 d5 16. exd5 Nxd5 17. f4 Nxe3 18. Qxe3 Ng6 19. b4 Nxf4 20. Rxf4 Bg5 21. Nxe6 Qc6 22. Bf3 Qxe6 23. Qxe6 fxe6 24. Rxf8+ Rxf8 25. Rf1 Be3+ 26. Kh1 e5 27. h3 e4 28. Be2 Rxf1+ 29. Bxf1 Bc1 30. Be2 Kf7 31. Kg1 Kf6 32. Kf1 Ke5 33. g3 e3 34. Ke1 Bd5 35. Kd1 Bb2 36. Bg4 Ba2 37. Nd2 exd2 38. Kxd2 Bxa3 39. c3 Be6 40. Bf3 Bd5 41. Bg4 Bb7 42. Be2 h6 43. Bf1 g5 44. Kc2 Be4+ 45. Kd2 h5 46. Be2 h4 47. gxh4 gxh4 48. Bg4 Bf5 49. Bf3 Bc8 50. Kd3 Kf4 51. Bd5 Bxh3 52. Bb7 Bf1+ 53. Kd2 h3 54. Bxa6 h2 55. Bb7 Kg3 56. Bc6 Bg2 0-1

[Event "Wuerttemberg-ch KT"]
[Site "Stuttgart"]
[Date "2016.08.30"]
[Round "4"]
[White "Reindl, Jork"]
[Black "Zimmermann, Tobias"]
[Result "1/2-1/2"]
[WhiteElo "1436"]
[BlackElo "1820"]
[PlyCount "109"]
[EventDate "2016.08.27"]
[EventType "swiss"]
[EventRounds "9"]
[EventCountry "GER"]
[SourceTitle "EXT 2017"]
[Source "ChessBase"]
[SourceDate "2016.10.25"]
[SourceVersion "1"]
[SourceVersionDate "2016.10.25"]
[SourceQuality "1"]

1. e4 c5 2. Nf3 d6 3. d4 cxd4 4. Nxd4 Nf6 5. Nc3 a6 6. Bd3 e6 7. 0-0 Qc7 8. Re1 Nbd7 9. Nf3 b5 10. a3 Bb7 11. Bg5 Be7 12. Nd2 0-0 13. Bf4 Rad8 14. Bg3 e5 15. Nf3 Nb6 16. Qe2 Rc8 17. Rac1 Nc4 18. Bxc4 Qxc4 19. Qxc4 Rxc4 20. Nd2 Rcc8 21. Nf3 Nd7 22. h3 f5 23. exf5 Rxf5 24. Nh4 Rf7 25. Nf3 Bxf3 26. gxf3 Rxf3 27. Rcd1 Nf6 28. Kg2 Rfxc3 29. bxc3 Rxc3 30. Rd3 Rc4 31. Rb3 e4 32. f3 d5 33. fxe4 dxe4 34. Bh4 Kf7 35. Bxf6 gxf6 36. Rbe3 Bc5 37. R3e2 f5 38. Rf1 Kg6 39. h4 h5 40. Kh1 e3 41. Rg1+ Kf6 42. Rh2 e2 43. Re1 Bxa3 44. Rexe2 Bd6 45. Rh3 f4 46. Rf2 a5 47. Rd3 Ke6 48. Rg2 Be7 49. Re2+ Kf6 50. Rd5 f3 51. Ree5 Rxh4+ 52. Kg1 Rc4 53. Rxb5 Rxc2 54. Rxa5 Rg2+ 55. Kf1 1/2-1/2

[Event "Stuttgart-chB int"]
[Site "Ditzingen"]
[Date "2016.05.08"]
[Round "7"]
[White "Loechel, Guenter"]
[Black "Zimmermann, Tobias"]
[Result "1/2-1/2"]
[WhiteElo "1744"]
[BlackElo "1820"]
[PlyCount "53"]
[EventDate "2016.05.05"]
[EventType "swiss"]
[EventRounds "7"]
[EventCountry "GER"]
[SourceTitle "EXT 2018"]
[Source "ChessBase"]
[SourceDate "2017.10.13"]
[SourceVersion "1"]
[SourceVersionDate "2017.10.13"]
[SourceQuality "1"]

1. e4 c5 2. Nf3 d6 3. h3 Nf6 4. Nc3 e6 5. d4 cxd4 6. Nxd4 a6 7. Bd3 Nbd7 8. 0-0 Qc7 9. Nce2 b5 10. Be3 Bb7 11. f3 Be7 12. c3 Ne5 13. Bf2 0-0 14. Ng3 d5 15. exd5 Nxd3 16. Qxd3 Bxd5 17. Rfe1 Rad8 18. Qe3 Rfe8 19. Ne4 Bb7 20. Bg3 e5 21. Nxf6+ Bxf6 22. Nb3 Rd5 23. Rad1 Qd8 24. Rxd5 Qxd5 25. Qd2 Rd8 26. Qxd5 Rxd5 27. f4 1/2-1/2

[Event "Stuttgart-chB int"]
[Site "Ditzingen"]
[Date "2016.05.06"]
[Round "4"]
[White "Zimmermann, Tobias"]
[Black "Winkler, Tim"]
[Result "1/2-1/2"]
[WhiteElo "1820"]
[BlackElo "1868"]
[PlyCount "84"]
[EventDate "2016.05.05"]
[EventType "swiss"]
[EventRounds "7"]
[EventCountry "GER"]
[SourceTitle "EXT 2018"]
[Source "ChessBase"]
[SourceDate "2017.10.13"]
[SourceVersion "1"]
[SourceVersionDate "2017.10.13"]
[SourceQuality "1"]

1. e4 d6 2. d4 g6 3. f4 Bg7 4. Nf3 Nf6 5. Bd3 a6 6. 0-0 0-0 7. Qe2 b5 8. e5 Nd5 9. a4 b4 10. c4 bxc3 11. Nxc3 Nb4 12. Bb1 a5 13. Qe4 d5 14. Qe3 N8a6 15. h3 Rb8 16. g4 e6 17. Rf2 Qe7 18. h4 c5 19. Nb5 cxd4 20. Nbxd4 Bh6 21. h5 Bd7 22. Rh2 Bg7 23. hxg6 fxg6 24. f5 exf5 25. gxf5 Bxf5 26. Nxf5 gxf5 27. Nd4 Qxe5 28. Qxe5 Bxe5 29. Rg2+ Kf7 30. Nxf5 Nc5 31. Ra3 Ke6 32. Be3 Ne4 33. Nd4+ Bxd4 34. Bxd4 Rbc8 35. Bxe4 Rc1+ 36. Kh2 dxe4 37. Re3 Rc2 38. Rxe4+ Kd5 39. Reg4 Rxg2+ 40. Kxg2 Nd3 41. Bc3 Kc6 42. Rg5 Rb8 1/2-1/2

[Event "Wuerttemberg-ch KT"]
[Site "Stuttgart"]
[Date "2015.09.05"]
[Round "8"]
[White "Mayer, Dietmar"]
[Black "Zimmermann, Tobias"]
[Result "1/2-1/2"]
[WhiteElo "1747"]
[BlackElo "1804"]
[PlyCount "53"]
[EventDate "2015.08.29"]
[EventType "swiss"]
[EventRounds "9"]
[EventCountry "GER"]
[SourceTitle "EXT 2017"]
[Source "ChessBase"]
[SourceDate "2016.10.25"]
[SourceVersion "1"]
[SourceVersionDate "2016.10.25"]
[SourceQuality "1"]

1. Nf3 Nf6 2. c4 c5 3. g3 b6 4. Bg2 Bb7 5. 0-0 e6 6. Nc3 a6 7. d4 cxd4 8. Qxd4 Qc7 9. Rd1 d6 10. b3 Nbd7 11. e4 e5 12. Qe3 Nc5 13. Nd2 Be7 14. Nd5 Nxd5 15. cxd5 0-0 16. Bb2 a5 17. Rac1 b5 18. a3 Qd7 19. a4 bxa4 20. Nc4 Qb5 21. bxa4 Nxa4 22. Ba3 f6 23. Bxd6 Bxd6 24. Nxd6 Qd7 25. Nxb7 Qxb7 26. Rb1 Qd7 27. Rdc1 1/2-1/2

[Event "Stuttgart-chB op"]
[Site "Ditzingen"]
[Date "2015.05.17"]
[Round "7"]
[White "Hartmann, Christian1111"]
[Black "Zimmermann, Tobias"]
[Result "1/2-1/2"]
[WhiteElo "1744"]
[BlackElo "1804"]
[PlyCount "43"]
[EventDate "2015.05.17"]
[EventType "swiss"]
[EventRounds "7"]
[EventCountry "GER"]
[SourceTitle "EXT 2018"]
[Source "ChessBase"]
[SourceDate "2017.10.13"]
[SourceVersion "1"]
[SourceVersionDate "2017.10.13"]
[SourceQuality "1"]

1. e4 c5 2. Nf3 d6 3. d4 cxd4 4. Nxd4 Nf6 5. Nc3 a6 6. f3 Qc7 7. Nb3 e6 8. Be3 Nbd7 9. a4 b6 10. Qd2 Bb7 11. Bf4 Rd8 12. Rd1 e5 13. Be3 Be7 14. Qf2 Rc8 15. Bd3 Rd8 16. 0-0 0-0 17. Nc1 Nc5 18. Be2 d5 19. exd5 Nxd5 20. Nxd5 Bxd5 21. b3 Bb7 22. Nd3 1/2-1/2

[Event "Stuttgart-chB op"]
[Site "Ditzingen"]
[Date "2015.05.16"]
[Round "6"]
[White "Zimmermann, Tobias"]
[Black "Wachtel, Arthur"]
[Result "1-0"]
[WhiteElo "1804"]
[BlackElo "1607"]
[PlyCount "51"]
[EventDate "2015.05.17"]
[EventType "swiss"]
[EventRounds "7"]
[EventCountry "GER"]
[SourceTitle "EXT 2018"]
[Source "ChessBase"]
[SourceDate "2017.10.13"]
[SourceVersion "1"]
[SourceVersionDate "2017.10.13"]
[SourceQuality "1"]

1. e4 e6 2. d4 d5 3. Nd2 Nc6 4. c3 e5 5. Bb5 dxe4 6. Nxe4 Bd7 7. d5 Nce7 8. Bc4 Nf5 9. Nf3 Nd6 10. Nxd6+ cxd6 11. Qe2 Qc7 12. 0-0 Be7 13. Be3 Nf6 14. Bb3 0-0 15. h3 Rfe8 16. Nd2 h6 17. Rac1 Kh8 18. c4 b6 19. Bc2 Qb7 20. f4 Kg8 21. fxe5 dxe5 22. Qf3 Rf8 23. Qg3 Bc5 24. Bxc5 bxc5 25. b3 Rfe8 26. Rxf6 1-0

[Event "Stuttgart-chB op"]
[Site "Ditzingen"]
[Date "2015.05.15"]
[Round "3"]
[White "Pfeilsticker, Thorsten"]
[Black "Zimmermann, Tobias"]
[Result "0-1"]
[WhiteElo "1663"]
[BlackElo "1804"]
[PlyCount "58"]
[EventDate "2015.05.17"]
[EventType "swiss"]
[EventRounds "7"]
[EventCountry "GER"]
[SourceTitle "EXT 2018"]
[Source "ChessBase"]
[SourceDate "2017.10.13"]
[SourceVersion "1"]
[SourceVersionDate "2017.10.13"]
[SourceQuality "1"]

1. b4 e5 2. Bb2 Bxb4 3. Bxe5 Nf6 4. c4 Nc6 5. Bb2 0-0 6. Nf3 b6 7. e3 Bb7 8. Be2 d5 9. cxd5 Nxd5 10. 0-0 Be7 11. a3 Bf6 12. d4 g6 13. Qc2 Bg7 14. Nc3 Nxc3 15. Qxc3 Ne7 16. Rac1 c5 17. Rfd1 Nf5 18. Qe1 Qe7 19. g4 Nh4 20. Nxh4 Qxh4 21. Bc3 c4 22. Bb4 Rfe8 23. Rxc4 Re4 24. Bd6 Rxg4+ 25. Bxg4 Qxg4+ 26. Bg3 Qf3 27. Kf1 Ba6 28. Rdc1 Rc8 29. Qb4 Qh1+ 0-1

[Event "Wuerttemberg-ch KT"]
[Site "Gruenbach"]
[Date "2014.08.31"]
[Round "2"]
[White "Schuster, Gerhard"]
[Black "Zimmermann, Tobias"]
[Result "1/2-1/2"]
[WhiteElo "2021"]
[BlackElo "1772"]
[PlyCount "113"]
[EventDate "2014.08.30"]
[EventType "swiss"]
[EventRounds "9"]
[EventCountry "GER"]
[SourceTitle "EXT 2017"]
[Source "ChessBase"]
[SourceDate "2016.10.25"]
[SourceVersion "1"]
[SourceVersionDate "2016.10.25"]
[SourceQuality "1"]

1. e4 c5 2. Nf3 d6 3. Bb5+ Nd7 4. c3 a6 5. Ba4 Qc7 6. 0-0 Ngf6 7. Qe2 b5 8. Bc2 Bb7 9. d4 cxd4 10. cxd4 Rc8 11. Bd3 g6 12. Nbd2 Bg7 13. a4 Qa5 14. b4 Qb6 15. axb5 axb5 16. Bxb5 Bc6 17. Bxc6 Rxc6 18. Ra8+ Nb8 19. b5 Rc8 20. e5 dxe5 21. dxe5 Nd5 22. e6 Qxe6 23. Qxe6 fxe6 24. Ne4 0-0 25. Bg5 Nd7 26. Rxc8 Rxc8 27. Rb1 Rb8 28. Bh4 h6 29. Bg3 e5 30. Nd4 Nc7 31. Nc6 Rxb5 32. Nxe7+ Kh7 33. Rxb5 Nxb5 34. Nd5 Nd4 35. Kf1 Nf5 36. f3 Nxg3+ 37. Nxg3 Nc5 38. Ke2 h5 39. Ne4 Nxe4 40. fxe4 Bf8 41. Kd3 Bc5 42. Kc4 Bg1 43. h3 Kg7 44. Kb5 Kf7 45. Kc6 Ke6 46. Nc7+ Kf6 47. Kd6 Kg5 48. Nd5 Bd4 49. Ke6 Kh4 50. Kf6 Kg3 51. Kxg6 Kxg2 52. h4 Kf3 53. Nf6 Kf4 54. Kxh5 Bf2 55. Ng4 Bxh4 56. Kxh4 Kxe4 57. Kg3 1/2-1/2

[Event "Stuttgart-chB int"]
[Site "Ditzingen"]
[Date "2014.05.31"]
[Round "7"]
[White "Zimmermann, Tobias"]
[Black "Fuerderer, Carl"]
[Result "1-0"]
[WhiteElo "1768"]
[BlackElo "1547"]
[PlyCount "27"]
[EventDate "2014.05.29"]
[EventType "swiss"]
[EventRounds "7"]
[EventCountry "GER"]
[SourceTitle "EXT 2015"]
[Source "ChessBase"]
[SourceDate "2014.11.20"]
[SourceVersion "1"]
[SourceVersionDate "2014.11.20"]
[SourceQuality "1"]

1. e4 e5 2. Nf3 Nc6 3. d4 exd4 4. Bc4 Be7 5. c3 d3 6. Qb3 Nf6 7. Bxf7+ Kf8 8. Bd5 Qe8 9. 0-0 d6 10. Ng5 Nxd5 11. Qxd5 Qg6 12. f4 h6 13. f5 Qf6 14. Ne6+ 1-0

[Event "Stuttgart-chB int"]
[Site "Ditzingen"]
[Date "2013.05.09"]
[Round "1"]
[White "Awiszus, Thomas"]
[Black "Zimmermann, Tobias"]
[Result "1-0"]
[WhiteElo "1613"]
[BlackElo "1734"]
[PlyCount "81"]
[EventDate "2013.05.09"]
[EventType "swiss"]
[EventRounds "7"]
[EventCountry "GER"]
[SourceTitle "EXT 2014"]
[Source "ChessBase"]
[SourceDate "2013.11.20"]
[SourceVersion "1"]
[SourceVersionDate "2013.11.20"]
[SourceQuality "1"]

1. Nf3 Nf6 2. d4 g6 3. c4 c5 4. e3 cxd4 5. exd4 d6 6. Nc3 Bg7 7. g3 0-0 8. Bg2 Nc6 9. 0-0 Bg4 10. Be3 Qd7 11. Re1 Rac8 12. Rc1 a6 13. Na4 Qd8 14. Qb3 Rb8 15. h3 b5 16. cxb5 axb5 17. hxg4 Na5 18. Qc2 bxa4 19. g5 Nd5 20. Bd2 Rb5 21. Qxa4 Qb6 22. Bf1 Rxb2 23. Qxa5 Qxa5 24. Bxa5 Ra8 25. Bd2 Raxa2 26. Be3 Nxe3 27. fxe3 Rf2 28. Nh4 h6 29. gxh6 Bxh6 30. Rc3 Kg7 31. Rd3 g5 32. Ng2 Kg6 33. e4 Bg7 34. g4 Rfb2 35. Ne3 Ra4 36. Nf5 Bf6 37. e5 dxe5 38. dxe5 Rxg4+ 39. Kh1 Rb8 40. exf6 Rh8+ 41. Rh3 1-0

[Event "Hessen-ch U17 Open"]
[Site "Bad Homburg"]
[Date "2013.??.??"]
[Round "6"]
[White "Schwab, Manuel"]
[Black "Zimmermann, Tobias"]
[Result "1-0"]
[WhiteElo "878"]
[BlackElo "1750"]
[PlyCount "53"]
[EventDate "2013.03.??"]
[EventType "swiss"]
[EventRounds "7"]
[EventCountry "GER"]
[SourceTitle "EXT 2014"]
[Source "ChessBase"]
[SourceDate "2013.11.20"]
[SourceVersion "1"]
[SourceVersionDate "2013.11.20"]
[SourceQuality "1"]

1. e4 g6 2. Bc4 Bg7 3. a3 Nf6 4. Nc3 Nc6 5. Ba2 e6 6. Nf3 a6 7. 0-0 0-0 8. d4 d5 9. e5 Bd7 10. Bg5 h6 11. exf6 Bxf6 12. Bd2 b5 13. Re1 Rb8 14. b4 Qe8 15. Rb1 Nxd4 16. Nxd4 Bxd4 17. Ne2 Be5 18. Bf4 f6 19. Bxe5 fxe5 20. Qd2 Kh7 21. Rb3 Rh8 22. Rh3 Qf8 23. Bb1 Rg8 24. c3 Rd8 25. Qe3 Kh8 26. Qxe5+ Qg7 27. Rxh6# 1-0

[Event "Stuttgart-chB int"]
[Site "Ditzingen"]
[Date "2012.05.18"]
[Round "3"]
[White "Zimmermann, Tobias"]
[Black "Kohler, Manuel"]
[Result "1-0"]
[WhiteElo "1736"]
[BlackElo "1860"]
[PlyCount "57"]
[EventDate "2012.05.17"]
[EventType "swiss"]
[EventRounds "7"]
[EventCountry "GER"]
[SourceTitle "EXT 2018"]
[Source "ChessBase"]
[SourceDate "2017.10.13"]
[SourceVersion "1"]
[SourceVersionDate "2017.10.13"]
[SourceQuality "1"]

1. e4 d5 2. exd5 Nf6 3. c4 c6 4. dxc6 Nxc6 5. Nc3 e5 6. d3 Be7 7. Be3 0-0 8. Nf3 Bg4 9. Be2 Qd7 10. 0-0 h6 11. a3 Rad8 12. Ne1 Bxe2 13. Qxe2 Rfe8 14. Rd1 Qf5 15. Qf3 Qg6 16. Qg3 Qf5 17. Qf3 Qg6 18. b4 e4 19. Qe2 exd3 20. Nxd3 Bd6 21. h3 Nd4 22. Qb2 Nf3+ 23. Kh1 Nh4 24. Rg1 Nh5 25. Nd5 Qe4 26. Qe2 Nxg2 27. Rxg2 Nf4 28. N3xf4 Qf5 29. Qg4 1-0

[Event "Stuttgart-chB int"]
[Site "Ditzingen"]
[Date "2012.05.17"]
[Round "2"]
[White "Schoembs, Oliver"]
[Black "Zimmermann, Tobias"]
[Result "1/2-1/2"]
[WhiteElo "1865"]
[BlackElo "1736"]
[PlyCount "88"]
[EventDate "2012.05.17"]
[EventType "swiss"]
[EventRounds "7"]
[EventCountry "GER"]
[SourceTitle "EXT 2018"]
[Source "ChessBase"]
[SourceDate "2017.10.13"]
[SourceVersion "1"]
[SourceVersionDate "2017.10.13"]
[SourceQuality "1"]

1. e4 c5 2. Nf3 d6 3. d4 cxd4 4. Nxd4 Nf6 5. Nc3 a6 6. Be2 e6 7. Be3 Qc7 8. g4 b5 9. g5 b4 10. gxf6 bxc3 11. fxg7 Bxg7 12. b3 Nc6 13. Rg1 Bxd4 14. Bxd4 Nxd4 15. Qxd4 e5 16. Qe3 Be6 17. Rg3 Qc6 18. f4 exf4 19. Qxc3 Qxe4 20. Rd3 Bg4 21. 0-0-0 Bxe2 22. Qxh8+ Ke7 23. Qd4 Qxd4 24. Rxd4 f3 25. Re1 f5 26. Rh4 Kf6 27. Kd2 Ra7 28. Rxe2 fxe2 29. Kxe2 Ke5 30. Ke3 d5 31. Rh6 a5 32. a4 d4+ 33. Kd3 Rc7 34. Ra6 Rc5 35. Ra7 h5 36. Rh7 Rc3+ 37. Kd2 Rh3 38. Ra7 Rxh2+ 39. Kc1 f4 40. Rxa5+ Ke4 41. Ra8 f3 42. Re8+ Kd5 43. Kd1 Rh1+ 44. Re1 Rh4 1/2-1/2

[Event "Stuttgart-chB int"]
[Site "Ditzingen"]
[Date "2009.05.23"]
[Round "5"]
[White "Zimmermann, Tobias"]
[Black "Pfeilsticker, Thorsten"]
[Result "1-0"]
[WhiteElo "1729"]
[BlackElo "1567"]
[PlyCount "85"]
[EventDate "2009.05.21"]
[EventType "swiss"]
[EventRounds "7"]
[EventCountry "GER"]
[SourceTitle "EXT 2018"]
[Source "ChessBase"]
[SourceDate "2017.10.13"]
[SourceVersion "1"]
[SourceVersionDate "2017.10.13"]
[SourceQuality "1"]

1. e4 a6 2. d4 b5 3. Bd3 Bb7 4. f4 e6 5. Nf3 Nf6 6. Qe2 c5 7. c3 cxd4 8. cxd4 Nc6 9. Nbd2 Qb6 10. Nb3 Bb4+ 11. Bd2 Bxd2+ 12. Qxd2 Rc8 13. a3 b4 14. 0-0 a5 15. a4 0-0 16. Kh1 Ba6 17. Bxa6 Qxa6 18. Nc5 Qa7 19. e5 Ne8 20. Rac1 d6 21. Ne4 d5 22. Nc5 g6 23. Rc2 Ng7 24. Rfc1 Rfe8 25. Ng5 Nf5 26. Ncxe6 fxe6 27. Rxc6 Rxc6 28. Rxc6 Nxd4 29. Rd6 Qc5 30. h3 h6 31. Ne4 Qc4 32. Nf6+ Kf7 33. Nxe8 Qf1+ 34. Kh2 Ne2 35. Qe3 d4 36. Rxd4 Nxd4 37. Nd6+ Kg7 38. Qxd4 h5 39. Qa7+ Kg8 40. Qb8+ Kg7 41. Qc7+ Kg8 42. Qf7+ Kh8 43. Ne8 1-0

[Event "Stuttgart-chB int"]
[Site "Ditzingen"]
[Date "2008.05.01"]
[Round "1"]
[White "Cofman, Veaceslav"]
[Black "Zimmermann, Tobias"]
[Result "0-1"]
[WhiteElo "1894"]
[BlackElo "1642"]
[PlyCount "52"]
[EventDate "2008.05.01"]
[EventType "swiss"]
[EventRounds "7"]
[EventCountry "GER"]
[SourceTitle "EXT 2018"]
[Source "ChessBase"]
[SourceDate "2017.10.13"]
[SourceVersion "1"]
[SourceVersionDate "2017.10.13"]
[SourceQuality "1"]

1. d4 Nf6 2. c4 g6 3. Nc3 Bg7 4. Nf3 0-0 5. e4 d6 6. Be3 e5 7. dxe5 dxe5 8. Bg5 c6 9. Be2 Nbd7 10. 0-0 Qc7 11. Qc2 Nc5 12. Rad1 Bg4 13. Be3 Ne6 14. b4 Rad8 15. Nd2 Nd4 16. Bxd4 exd4 17. e5 Bxe2 18. exf6 d3 19. Qb2 Bxf6 20. Nde4 Be5 21. Qd2 Bxh2+ 22. Kh1 Bf4 23. Qb2 Be5 24. Qd2 Bf4 25. Qb2 Qe5 26. Qb1 Qh5+ 0-1

[Event "Stuttgart-chB int"]
[Site "Gerlingen"]
[Date "2007.05.19"]
[Round "6"]
[White "Zimmermann, Tobias"]
[Black "Brittschock Schrall, Baerbel"]
[Result "1/2-1/2"]
[WhiteElo "1628"]
[BlackElo "1384"]
[PlyCount "35"]
[EventDate "2007.05.17"]
[EventType "swiss"]
[EventRounds "7"]
[EventCountry "GER"]
[SourceTitle "EXT 2018"]
[Source "ChessBase"]
[SourceDate "2017.10.13"]
[SourceVersion "1"]
[SourceVersionDate "2017.10.13"]
[SourceQuality "1"]

1. e4 c6 2. d4 e5 3. dxe5 Bb4+ 4. Bd2 Bxd2+ 5. Qxd2 Qb6 6. c4 Ne7 7. Nf3 c5 8. Bd3 Nbc6 9. Nc3 Qc7 10. Nb5 Qb8 11. Nd6+ Kf8 12. Qf4 Nd8 13. Nxf7 Ng6 14. Qe3 Nxf7 15. Qxc5+ Ke8 16. Bc2 Ngxe5 17. Nd4 Qd6 18. Qxd6 1/2-1/2

[Event "Stuttgart-chB int"]
[Site "Gerlingen"]
[Date "2007.05.17"]
[Round "2"]
[White "Zimmermann, Tobias"]
[Black "Ellinger, Harald"]
[Result "1/2-1/2"]
[WhiteElo "1628"]
[BlackElo "1854"]
[PlyCount "149"]
[EventDate "2007.05.17"]
[EventType "swiss"]
[EventRounds "7"]
[EventCountry "GER"]
[SourceTitle "EXT 2018"]
[Source "ChessBase"]
[SourceDate "2017.10.13"]
[SourceVersion "1"]
[SourceVersionDate "2017.10.13"]
[SourceQuality "1"]

1. e4 c5 2. Nf3 d6 3. d4 cxd4 4. Nxd4 Nf6 5. Nc3 Nc6 6. Be2 Bd7 7. 0-0 g6 8. Be3 a6 9. Qd2 Bg7 10. f4 0-0 11. Bf3 Qc7 12. Nxc6 Bxc6 13. Nd5 Nxd5 14. exd5 Bb5 15. c4 Qxc4 16. Rfc1 Qd3 17. Qxd3 Bxd3 18. Rc7 Bxb2 19. Rd1 Bb5 20. Rxb7 Bf6 21. g4 Rfe8 22. Rc1 Rac8 23. Rcc7 Kf8 24. g5 Bc3 25. Bg4 Rxc7 26. Rxc7 Ba5 27. Rc1 e6 28. dxe6 fxe6 29. a4 Bd7 30. Be2 Rc8 31. Bxa6 Rxc1+ 32. Bxc1 Bxa4 33. Kf2 Ke7 34. Bb2 Bb6+ 35. Kg3 Bc2 36. Bf6+ Kf7 37. Kf3 Bb3 38. Bd3 Bg1 39. h4 Bc5 40. h5 Bd1+ 41. Kg3 Bxh5 42. Ba1 Bd1 43. Bf6 Bb6 44. Bc3 Bd8 45. Bb4 Be7 46. Bc3 Bf8 47. Bc4 Bc2 48. Kf3 Bf5 49. Bb3 h6 50. gxh6 Bxh6 51. Bb4 Ke7 52. Bc3 g5 53. fxg5 Bxg5 54. Bb2 e5 55. Ba3 Be6 56. Ba4 Bd5+ 57. Kg4 Be3 58. Kf5 Bg2 59. Bb5 Bd2 60. Ba4 Bh3+ 61. Ke4 Bc3 62. Bb5 Be6 63. Ba4 Ba5 64. Bc6 Bc7 65. Ba4 Kf6 66. Bc6 Bh3 67. Kf3 Bf5 68. Bb7 Ke7 69. Bc6 Bb6 70. Bd5 Bc5 71. Bc1 Be6 72. Bg5+ Kd7 73. Ke4 Bxd5+ 74. Kxd5 Kc7 75. Bf6 1/2-1/2

[Event "Stuttgart-chB int"]
[Site "Ditzingen"]
[Date "2006.05.25"]
[Round "2"]
[White "Zimmermann, Tobias"]
[Black "Marx, Horst"]
[Result "1-0"]
[WhiteElo "1479"]
[BlackElo "1198"]
[PlyCount "123"]
[EventDate "2006.05.25"]
[EventType "swiss"]
[EventRounds "7"]
[EventCountry "GER"]
[SourceTitle "EXT 2018"]
[Source "ChessBase"]
[SourceDate "2017.10.13"]
[SourceVersion "1"]
[SourceVersionDate "2017.10.13"]
[SourceQuality "1"]

1. e4 e5 2. Nf3 Nc6 3. d4 exd4 4. Bc4 h6 5. Nxd4 Nxd4 6. Qxd4 b6 7. Qd5 Qf6 8. Qxa8 Kd8 9. Qd5 Qe6 10. Nc3 Nf6 11. Qxe6 fxe6 12. Bf4 Bb4 13. 0-0 Bxc3 14. bxc3 Nxe4 15. Be3 Nxc3 16. Bd4 Ne4 17. Bd3 Nf6 18. Rad1 c5 19. Be5 Ke7 20. Bb8 a6 21. Ba7 Nd5 22. Bc4 Nc3 23. Rde1 b5 24. Bxc5+ d6 25. Bd4 bxc4 26. Bxc3 Rg8 27. Re4 d5 28. Re5 Kd6 29. Rfe1 g5 30. Rb1 Kc6 31. Bd4 Rf8 32. Rb6+ Kc7 33. a4 Rf4 34. c3 Rxd4 35. cxd4 Kxb6 36. Re1 Ka5 37. Rb1 c3 38. Rb3 Kxa4 39. Rxc3 Bd7 40. Kf1 Kb4 41. Rc7 Bb5+ 42. Ke1 a5 43. Kd1 a4 44. Kc2 a3 45. Kb1 Bc4 46. Rc6 Kc3 47. Rxe6 h5 48. Re3+ Kxd4 49. Rxa3 Bd3+ 50. Kc1 h4 51. Kd2 Bf1 52. Ra4+ Ke5 53. g3 hxg3 54. hxg3 Bc4 55. Ra8 Kf5 56. f3 Bb3 57. Ke3 Bc4 58. Kd4 Be2 59. Rf8+ Ke6 60. g4 Bc4 61. Rf5 Be2 62. Re5+ 1-0